Теория и практика на консултирането (Запис номер 137806)
[ съкратено ]
| 000 -Лидер | |
|---|---|
| Контролно поле с фиксирана дължина | 02390nam a2200445 c 4500 |
| 003 - Код на организацията, давaща контролен номер | |
| Контролно поле | BLK |
| 005 - Дата и час на последна редакция | |
| Контролно поле | 20230504131300.0 |
| 008 - Елементи от данни с фиксирана дължина | |
| fixed length control field | 180409b bul|||||r ||||||| ||bul|| |
| 010 ## - Наследен системен номер | |
| LC control number | KNG00143783000 |
| 020 ## - Международен стандартен номер на книга ISBN | |
| Международен стандартен номер на книга ISBN | 978-954-2946-04-5 |
| -- | издат.: За буквите - О писменехь |
| 040 ## - Източник на каталожния запис | |
| Идентификатор на билиотеката - собственик на записа | BLK |
| 041 ## - Код за език | |
| Код за езика на текст/звукозапис или на отделно заглавие | Български |
| Код за езика КДБФ | Български |
| 072 #7 - Код за тематичната категория | |
| Код организация | bullib |
| Код за тематична категория | Н6201 |
| Текст | Мениджмънт Н |
| 080 ## - УДК | |
| Текстов определител УДК | Методи на управление. Мениджмънт. Анализи, планиране, ръководство, сътрудничество, контрол, коопериране и др. |
| УДК код - определител по УДК | 005.5 |
| УДК определител | (042.3) |
| УДК - код + определител | 005.5(042.3) |
| 080 ## - УДК | |
| Текстов определител УДК | Услуги. Сфера на услугите |
| УДК код - определител по УДК | 338.46 |
| УДК определител | :65.012(042.3) |
| УДК - код + определител | 338.46:65.012(042.3) |
| 080 ## - УДК | |
| Текстов определител УДК | Машини и устройства за обработка на данни. Вж и 003 ; 007 ; 621.391 ; 65.011.56 |
| УДК код - определител по УДК | 681.3 |
| УДК определител | (042.3) |
| УДК - код + определител | 681.3(042.3) |
| 100 1# - Редна дума - Автор | |
| Автор | Денчев, Стоян Георгиев |
| R(LIN) | 60027 |
| 139 ## - Редно поле | |
| Редна дума | Денчев, Стоян Георгиев и др. |
| Авторски знак | Дени - Д 43 |
| 245 10 - Сведения за заглавието | |
| Заглавие | Теория и практика на консултирането |
| Подзаглавни данни | Лекции |
| Редно поле (дума) | Стоян Георгиев Денчев; съавт. Димитър Грозданов Христозов; науч. ред. Ирена Йорданова Петева. |
| 246 11 - Различни форми на заглавието | |
| Паралелно заглавие | Theory and practice of consulting |
| 257 ## - Страна на издаване | |
| Страна на създаване/издаване | България |
| 260 ## - Област на издателските данни | |
| -- | София |
| Име на издателя, разпространителя и проч. | За буквите - О писменехь |
| Година на издаване | 2011 |
| Печатница | София : Изток-Запад |
| 300 ## - Физическа характеристика | |
| Страници | 96 с. |
| Илюстрации и др. | с ил. |
| Размери/Мащаб | 20 см |
| 380 ## - Жанр | |
| Жанр | Техника |
| 500 ## - Общи забележки | |
| Забележка | Библиогр.: с. 81-95 |
| 650 #4 - Допълнително описание по предмет – тема | |
| Основно описание – тема или топоним | Управленско консултиране |
| 9 (RLIN) | 316356 |
| 650 #4 - Допълнително описание по предмет – тема | |
| Основно описание – тема или топоним | Организационно поведение |
| 9 (RLIN) | 267078 |
| 650 #4 - Допълнително описание по предмет – тема | |
| Основно описание – тема или топоним | Информационни и комуникационни технологии |
| 9 (RLIN) | 242390 |
| 653 ## - Ключова дума – ненормативна | |
| Ключова дума | консултантска дейност |
| 653 ## - Ключова дума – ненормативна | |
| Ключова дума | информационни технологии |
| 659 ## - Тематичен бюлетин | |
| Тематичен бюлетин | Н |
| 700 1# - Други автори (авторска отговорност) | |
| Лично име | Христозов, Димитър Грозданов |
| Автороска отговорност (Описва отношението между автора и произведението) | съавт. |
| 9 (RLIN) | 326024 |
| 700 1# - Други автори (авторска отговорност) | |
| Лично име | Петева, Ирена Йорданова |
| Автороска отговорност (Описва отношението между автора и произведението) | науч. ред. |
| 9 (RLIN) | 371820 |
| 720 ## - Неконтролирано име | |
| Паралелен автор | Stoyan Denchev, Dimitar Christozov |
| Ключова дума за отношение (Описва отношението между автора и произведението) | паралелен автор |
| 852 ## - Местоположение | |
| Форматна сигнатура | Цб 259789 |
| 856 4# - Електронен адрес и достъп | |
| Електронен формат | pdf - файл |
| Път до файла /url/ | |
| 856 4# - Електронен адрес и достъп | |
| Електронен формат | pdf - файл |
| Път до файла /url/ | |
| 942 ## - АРТИКУЛИ | |
| Вид на библиотечния материал | Книги |
| Скрит в OPAC | Не |
| 944 ## - СЪЗДАВАНЕ И РЕДАКЦИЯ на ЗАПИСА | |
| Създаване/Редакция | Създаване |
| Дата на регистрацията/редакция | 10.06.2013 |
| Служител, извършил регистрацията/редакцията | Геновева_Генчева |
| 944 ## - СЪЗДАВАНЕ И РЕДАКЦИЯ на ЗАПИСА | |
| Създаване/Редакция | Редакция |
| Дата на регистрацията/редакция | 04.11.2013 |
| Служител, извършил регистрацията/редакцията | |
| 999 ## - СИСТЕМНИ КОНТРОЛНИ НОМЕРА | |
| Koha biblionumber | 137806 |
| Koha biblioitemnumber | 137806 |
| Код за отписване | Код за изгубен артикул | Код за повреда | Коз за рестрикции | Код за отдаване | Артикулен № | Име на библиотеката - собственик | Име на библиотеката, в която се намира в момента | Статус (Текущо местоположение) | Дата на вписване в системата | Местоположение - отдел | Цена в лева | Инвентарен номер | Систематично азбучна сигнатура | Баркод | Номер на екземпляра | Цена в евро | Служебна бележка | Служебен тип на артикула | Източник на класификационната схема |
|---|---|---|---|---|---|---|---|---|---|---|---|---|---|---|---|---|---|---|---|
| Не е изгубен | Не е повреден | без рестрикции | ползва се в читалня | 225396 | Регионална библиотека "Любен Каравелов" Русе | Регионална библиотека "Любен Каравелов" Русе | Хранилище | 2013-06-10 | Хранилище | 9.00 | 120000766945 | Цб 259789 | 120000766945 | 1 | 4.60 | Дост: Dp Вид: Д N: 6 Дата: 10.02.2012 | Книги | ||
| Не е изгубен | Не е повреден | без рестрикции | заемане за дома | 872773 | Регионална библиотека "Любен Каравелов" Русе | Регионална библиотека "Любен Каравелов" Русе | Заемна - подръчен фонд | 2022-02-21 | Заемна - подръчен фонд | 10.00 | 005.5/Д 13 С | 120000866278 | 5.11 | Книги | Universal Decimal Classification |